Chương trình chăm sóc giáo dục mẫu giáo và hướng dẫn thực hiện (3-4 tuổi)
Bewaard in:
| Hoofdauteur: | |
|---|---|
| Andere auteurs: | |
| Formaat: | Boek |
| Taal: | Undetermined |
| Gepubliceerd in: |
H.
Giáo dục
2000
|
| Onderwerpen: | |
| Online toegang: | http://lrc.tdmu.edu.vn/opac/search/detail.asp?aID=2&ID=4192 |
| Tags: |
Voeg label toe
Geen labels, Wees de eerste die dit record labelt!
|
| Thư viện lưu trữ: | Trung tâm Học liệu Trường Đại học Thủ Dầu Một |
|---|
| LEADER | 00719nam a2200205Ia 4500 | ||
|---|---|---|---|
| 001 | TDMU_4192 | ||
| 008 | 210410s9999 xx 000 0 und d | ||
| 082 | |a 372.2137 | ||
| 090 | |b TR121 | ||
| 100 | |a Trần, Thị Trọng | ||
| 245 | 0 | |a Chương trình chăm sóc giáo dục mẫu giáo và hướng dẫn thực hiện (3-4 tuổi) | |
| 245 | 0 | |c Trần Thị Trọng | |
| 260 | |a H. | ||
| 260 | |b Giáo dục | ||
| 260 | |c 2000 | ||
| 300 | |a 168tr. | ||
| 650 | |a Giáo dục mầm non |x Chương trình | ||
| 700 | |a Phạm, Thị Sửu | ||
| 856 | |u http://lrc.tdmu.edu.vn/opac/search/detail.asp?aID=2&ID=4192 | ||
| 980 | |a Trung tâm Học liệu Trường Đại học Thủ Dầu Một | ||